• 首页
  • 本馆介绍
  • 公告通知
  • 最新文献
  • 馆藏检索
  • 电子资源
  • 读者导购
  • 参考咨询
  • 我的图书馆
  • 登录
  • 详细信息显示
  • 放入我的书架
  • 预约/预借图书
  • 作者相关作品
  • 分类相关作品
  • 丛书相关作品
  • 出版社相关作品

书目信息

  • 表格格式
  • 工作单格式
  • 卡片格式
题名:
药物合成技术
    
 
作者: 钱清华 , 张萍 主编
分册:  
出版信息: 北京   化学工业出版社  2016.11
页数: 242页
开本: 26cm
丛书名:
单 册:
中图分类: TQ460.31
科图分类:
主题词: 药物化学--有机合成--高等学校--教材
电子资源:
ISBN: 978-7-122-24999-9
000 01210nam0 2200277 450
001 0400003140
005 20171026093254.81
010    @a978-7-122-24999-9@dCNY34.00
100    @a20161114d2016 em y0chiy50 ea
101 0  @achi
102    @aCN@b110000
105    @ay z 000yy
106    @ar
200 1  @a药物合成技术@9yao wu he cheng ji shu@f钱清华,张萍主编
205    @a第2版
210    @a北京@c化学工业出版社@d2016.11
215    @a242页@d26cm
300    @a江苏省高等学校精品教材 江苏省高等学校重点教材
307    @a实际页数为:243
330    @a本教材按照教育部高职教育要求,以全面提高学生素质为基础、以专业建设为核心、以能力为本位组织编写,内容强弱得当,加强实践环节,尤其适合现场教学。全书共十章,内容以典型药物合成过程为例,以点带面,系统介绍了药物合成的基本内容、基本实践技术和生产工艺,以及制药反应设备和环保、安全知识,结合氯霉素、半合成青霉素、维生素C等典型药物,对其生产技术进行了具体讨论,加深对工艺路线及生产原理的理解,培养学生分析和解决问题的能力。
606 0  @a药物化学@x有机合成@x高等学校@j教材
690    @aTQ460.31@v5
701  0 @a钱清华@9qian qing hua@4主编
701  0 @a张萍@9zhang ping@4主编
801  0 @aCN@b91MARC@c20171021
905    @b1033396-400@dTQ460.31@f5@e72=2
    
    药物合成技术/钱清华,张萍主编.-第2版.-北京:化学工业出版社,2016.11
    242页;26cm
    江苏省高等学校精品教材 江苏省高等学校重点教材
    
    ISBN 978-7-122-24999-9:CNY34.00
    本教材按照教育部高职教育要求,以全面提高学生素质为基础、以专业建设为核心、以能力为本位组织编写,内容强弱得当,加强实践环节,尤其适合现场教学。全书共十章,内容以典型药物合成过程为例,以点带面,系统介绍了药物合成的基本内容、基本实践技术和生产工艺,以及制药反应设备和环保、安全知识,结合氯霉素、半合成青霉素、维生素C等典型药物,对其生产技术进行了具体讨论,加深对工艺路线及生产原理的理解,培养学生分析和解决问题的能力。
●
相关链接 在E读中查询图书 在五车中查询图书 在当当中查询图书 在豆瓣中查询图书


正题名:药物合成技术     索取号:TQ460.31/72=2         预约/预借

序号 登录号 条形码 馆藏地/架位号 状态 备注
1 1033396   210333968   第二样本阅览室/ [索取号:TQ460.31/72=2] 在馆    
2 1033397   210333977   密集书库-化学系/ [索取号:TQ460.31/72=2] 在馆    
3 1033398   210333986   第三借阅区/ [索取号:TQ460.31/72=2] 在馆    
4 1033399   210333995   第三借阅区/ [索取号:TQ460.31/72=2] 在馆    
5 1033400   210334002   第三借阅区/ [索取号:TQ460.31/72=2] 在馆    
唐山师范学院图书馆 欢迎您!
大连网信软件有限公司© 版权所有